Biology of the gene / (Record no. 184488)
[ view plain ]
| 000 -LEADER | |
|---|---|
| fixed length control field | 01006 a2200205 4500 |
| 003 - CONTROL NUMBER IDENTIFIER | |
| control field | Nust |
| 005 - DATE AND TIME OF LATEST TRANSACTION | |
| control field | 20221013114438.0 |
| 010 ## - LIBRARY OF CONGRESS CONTROL NUMBER | |
| LC control number | 80010730 |
| 020 ## - INTERNATIONAL STANDARD BOOK NUMBER | |
| International Standard Book Number | 0801629888 |
| 040 ## - CATALOGING SOURCE | |
| Transcribing agency | Nust |
| 082 00 - DEWEY DECIMAL CLASSIFICATION NUMBER | |
| Classification number | 575.1,LEV |
| 100 1# - MAIN ENTRY--PERSONAL NAME | |
| Personal name | Levine, Louis, |
| 9 (RLIN) | 100104 |
| 245 10 - TITLE STATEMENT | |
| Title | Biology of the gene / |
| Statement of responsibility, etc. | Louis Levine. |
| 250 ## - EDITION STATEMENT | |
| Edition statement | 3rd ed. |
| 260 ## - PUBLICATION, DISTRIBUTION, ETC. | |
| Place of publication, distribution, etc. | St. Louis : |
| Name of publisher, distributor, etc. | Mosby, |
| Date of publication, distribution, etc. | 1980. |
| 300 ## - PHYSICAL DESCRIPTION | |
| Extent | xvii, 542 p. : |
| Other physical details | ill. ; |
| Dimensions | 24 cm. |
| 505 ## - FORMATTED CONTENTS NOTE | |
| Formatted contents note | Nature and Functions of Hereditary Material (Page-1), Physical Basic of Inheritance (Page-48), Fundamentals of Genetics (Page-93), Multiple-Factor Inheritance (Page-125), Sex Chromosomes and Sex Determination (Page-149), Chromosome Numbers (Page-176), Genes and Chromosomes (Page-205), Extrachromomal Inheritance (Page-254), The Nature of The Gene (Page-285), Genes and Metabolism (Page-318), Genes and Development (Page-349) Behavior Genetics (Page-394), Genes in Populations (Page-434), Race and Species formation (Page-477). |
| 650 #0 - SUBJECT ADDED ENTRY--TOPICAL TERM | |
| Topical term or geographic name entry element | Genetics. |
| 942 ## - ADDED ENTRY ELEMENTS (KOHA) | |
| Source of classification or shelving scheme | |
| Koha item type | Book |
| Withdrawn status | Lost status | Source of classification or shelving scheme | Damaged status | Not for loan | Permanent Location | Current Location | Shelving location | Date acquired | Full call number | Barcode | Date last seen | Price effective from | Koha item type | Public note |
|---|---|---|---|---|---|---|---|---|---|---|---|---|---|---|
| Military College of Signals (MCS) | Military College of Signals (MCS) | General Stacks | 12/12/2016 | 575.1,LEV | MCS6487 | 12/08/2016 | 12/12/2016 | Book | Almirah No.25, Shelf No.6 |
